000 00562nam a2200229Ia 4500
005 20240717004607.0
008 240331s9999 xx 000 0 und d
020 _a8188789550
082 _bNAN
_a200
100 _aNanda, Meera
245 0 _aBreaking the Spell of Dharma :
_band Other Essays
250 _aSecond Edition
260 _aNew Delhi
_bThree Essays Collective
_c2002
300 _axii, 164 p .,
650 _aHistory
650 _aSociety
650 _aPolitics
650 _aCulture
650 _aEducation
650 _aMedia
942 _cL
999 _c5673
_d5673